00669nam a2200229 a 4500001001300000003000900013005001700022008004100039020002300080082001600103100002200119245002200141260004300163300001000206500003500216650001700251700002200268902000800290942000700298952011700305999001700422nice12345678IN_TiNIC20260116014544.0140912s2011 anaa grp 000 0 eng  a8187886285 c25000a291.4bDEM2 aDe Mello, Anthony aOne Minute Wisdom aAnand bGujarat Sahitya Prakash c2011 a340p  aincludes index and biblioraphy aSpirituality1 aDe Mello, Anthony bSRS cBK 001040708StackRoom-aHMIbHMId2005-01-01g250.00l0o291.4 DEM2p024694r2005-01-01v250.00w2014-09-12yBK c15946d15946